[Event "VIII Festival A"]
[Site "Trieste ITA"]
[Date "2006.09.03"]
[Round "2"]
[White "Ramesa, Davor"]
[Black "Burmakin, Vladimir"]
[Result "1/2-1/2"]
[WhiteElo "2249"]
[BlackElo "2558"]
[PlyCount "127"]
[EventDate "2006.09.02"]

1. c4 e6 2. Nc3 d5 3. d4 Nf6 4. cxd5 exd5 5. Bg5 c6 6. Qc2 Be7 7. e3 Bg4 8. Bd3
Bh5 9. Nge2 Bg6 10. O-O Nbd7 11. Ng3 O-O 12. Rfe1 Re8 13. f3 Nf8 14. Nf5 Bxf5
15. Bxf5 Nh5 16. Bxe7 Rxe7 17. Na4 Qd6 18. Qc5 Qd8 19. b4 g6 20. Bc2 a5 21.
bxa5 Ne6 22. Qb6 Rxa5 23. Qxd8+ Nxd8 24. Bb3 Ng7 25. e4 dxe4 26. fxe4 Nge6 27.
Rad1 Kf8 28. d5 Nc5 29. Nxc5 Rxc5 30. Kf2 Re5 31. Rd3 Ke7 32. Ree3 Rc1 33. Rd2
Ke8 34. Ke2 c5 35. Rc2 Rxc2+ 36. Bxc2 Kd7 37. Kd2 Kd6 38. Rf3 Rh5 39. h3 Rg5
40. g3 b5 41. h4 Re5 42. Rf6+ Ke7 43. Rb6 b4 44. Kd3 f5 45. d6+ Kf6 46. exf5
Rxf5 47. Bb3 Rf3+ 48. Ke4 Rxg3 49. Kd5 Rc3 50. Rb8 Nf7 51. d7 Ke7 52. Rc8 Kxd7
53. Rxc5 Nd6 54. Ra5 Nf5 55. h5 gxh5 56. Ke5 Ne7 57. Rb5 h4 58. Rb7+ Rc7 59.
Be6+ Kc6 60. Rxb4 Ra7 61. Rc4+ Kb5 62. a4+ Ka5 63. Kf6 Ng6 64. Bf5 1/2-1/2

[Event "VIII Festival A"]
[Site "Trieste ITA"]
[Date "2006.09.03"]
[Round "2"]
[White "Spaan, Nathanael"]
[Black "Brunello, Sabino"]
[Result "1/2-1/2"]
[WhiteElo "2185"]
[BlackElo "2391"]
[PlyCount "113"]
[EventDate "2006.09.02"]

1. e4 e5 2. Nf3 Nc6 3. Bc4 Bc5 4. b4 Bxb4 5. c3 Be7 6. d4 Na5 7. Be2 d6 8. Qa4+
c6 9. dxe5 b5 10. Qc2 dxe5 11. Nxe5 Nf6 12. O-O Be6 13. Nd2 O-O 14. f4 Qc7 15.
Kh1 Rfd8 16. c4 Nd7 17. Bb2 Nxe5 18. Bxe5 Bd6 19. Bxd6 Qxd6 20. Rad1 Qb4 21.
cxb5 cxb5 22. Nf3 Rdc8 23. Qd2 Qxd2 24. Rxd2 Nc4 25. Bxc4 Bxc4 26. Rfd1 f6 27.
Kg1 Rc7 28. e5 a5 29. f5 fxe5 30. Nxe5 Re8 31. Rd8 Kf8 32. Rxe8+ Kxe8 33. Rc1
Ke7 34. g4 Kd6 35. Nxc4+ bxc4 36. Kf2 Ke5 37. Ke3 c3 38. Rc2 Rc4 39. h3 h5 40.
Kd3 Rd4+ 41. Kxc3 hxg4 42. Re2+ Re4 43. Rxe4+ Kxe4 44. hxg4 Kf4 45. Kd4 a4 46.
Kd5 a3 47. Ke6 Kxg4 48. f6 gxf6 49. Kxf6 Kf4 50. Kg6 Ke5 51. Kg5 Kd4 52. Kf4
Kc3 53. Ke3 Kb2 54. Kd2 Kxa2 55. Kc2 Ka1 56. Kc1 a2 57. Kc2 1/2-1/2

[Event "VIII Festival A"]
[Site "Trieste ITA"]
[Date "2006.09.03"]
[Round "2"]
[White "Stantic, Severino"]
[Black "Capaliku, Aleks"]
[Result "0-1"]
[WhiteElo "2051"]
[BlackElo "2099"]
[PlyCount "66"]
[EventDate "2006.09.02"]

1. c4 f5 2. Nc3 Nf6 3. Nf3 e6 4. g3 b6 5. Bg2 Bb7 6. O-O Bb4 7. Qb3 Bxc3 8.
bxc3 Qe7 9. Ba3 d6 10. d4 Nbd7 11. Qa4 O-O 12. Qc2 Be4 13. Qb3 Kh8 14. Rad1 e5
15. Qb5 a6 16. Qb2 Rab8 17. Qc1 Bb7 18. Bh3 e4 19. Qe3 Nh5 20. Bxf5 Rxf5 21. g4
Rxf3 22. exf3 Qh4 23. gxh5 exf3 24. Kh1 Nf6 25. Rg1 Re8 26. Qc1 Ne4 27. Rdf1
Nxf2+ 28. Rxf2 Qxf2 29. Qg5 Qg2+ 30. Rxg2 fxg2+ 31. Kg1 Re1+ 32. Kf2 Rf1+ 33.
Ke2 h6 0-1

[Event "VIII Festival A"]
[Site "Trieste ITA"]
[Date "2006.09.03"]
[Round "2"]
[White "Stocek, Jiri"]
[Black "Rombaldoni, Axel"]
[Result "1-0"]
[WhiteElo "2561"]
[BlackElo "2169"]
[PlyCount "55"]
[EventDate "2006.09.02"]

1. c4 e6 2. Nf3 d5 3. d4 c6 4. Qc2 dxc4 5. Qxc4 b5 6. Qc2 Bb7 7. e4 Nd7 8. Bg5
Qb6 9. a4 a6 10. Bd3 c5 11. axb5 axb5 12. Rxa8+ Bxa8 13. dxc5 Bxc5 14. O-O Ne7
15. Na3 f6 16. Bd2 b4 17. Nc4 Qa7 18. e5 Bxf3 19. gxf3 f5 20. Nd6+ Kf8 21. f4
g5 22. Qc4 Nd5 23. Bxf5 Ke7 24. Bxe6 Nxf4 25. Bxf4 gxf4 26. Bxd7 Qxd7 27. Qf7+
Kd8 28. Nb7+ 1-0

[Event "VIII Festival A"]
[Site "Trieste ITA"]
[Date "2006.09.03"]
[Round "2"]
[White "Van Dongen, Leo"]
[Black "Keetbaas, Herman"]
[Result "0-1"]
[WhiteElo "1854"]
[BlackElo "2061"]
[PlyCount "46"]
[EventDate "2006.09.02"]

1. e4 c6 2. c4 d5 3. exd5 cxd5 4. cxd5 Qxd5 5. Nc3 Qa5 6. Nf3 Nc6 7. d4 Bg4 8.
Be2 Nf6 9. O-O e6 10. Be3 a6 11. a3 Bd6 12. h3 Qh5 13. hxg4 Nxg4 14. g3 Bxg3
15. fxg3 Nxe3 16. Qd3 Nxf1 17. Rxf1 O-O-O 18. Ne4 f6 19. Rc1 Qd5 20. b4 Kb8 21.
Qc3 Nxd4 22. Nxd4 Qxe4 23. Qc7+ Ka8 0-1

[Event "VIII Festival A"]
[Site "Trieste ITA"]
[Date "2006.09.03"]
[Round "2"]
[White "Van der Plas, Robert"]
[Black "Bevilacqua, Andrea"]
[Result "0-1"]
[WhiteElo "2198"]
[BlackElo "2054"]
[PlyCount "132"]
[EventDate "2006.09.02"]

1. d4 d5 2. c4 e6 3. Nc3 Nf6 4. Nf3 Be7 5. cxd5 exd5 6. Qc2 c6 7. Bf4 O-O 8. e3
Ne4 9. Nxe4 dxe4 10. Qxe4 Bb4+ 11. Nd2 Re8 12. Qc2 Qxd4 13. O-O-O Bxd2+ 14.
Rxd2 Qf6 15. Bd3 h6 16. h3 Be6 17. Kb1 Nd7 18. Bc7 Ne5 19. g4 Nxd3 20. Rxd3 Bd5
21. Rxd5 cxd5 22. Rd1 Qe6 23. Ba5 Rac8 24. Bc3 Red8 25. Rd4 Rc4 26. Qd3 Rxd4
27. Qxd4 Qe4+ 28. Kc1 Qxd4 29. Bxd4 b6 30. Kd2 f6 31. Kd3 Kf7 32. Bc3 h5 33.
Kd4 hxg4 34. hxg4 Ke6 35. f4 g6 36. Kd3 Rd7 37. Kd4 Rh7 38. f5+ gxf5 39. gxf5+
Kd6 40. Kd3 Rh5 41. Bxf6 Rxf5 42. Bd4 Rf1 43. Kc3 Kc6 44. Kb4 Rc1 45. Bc3 a6
46. Kb3 Kb5 47. a4+ Kc6 48. Kb4 Kd6 49. Kb3 Ke6 50. Kb4 Kd6 51. Kb3 Ra1 52. Kb4
Kc6 53. Kb3 a5 54. Bd4 b5 55. axb5+ Kxb5 56. Kc2 Rh1 57. Kd3 Rd1+ 58. Kc3 Rc1+
59. Kd2 Rc4 60. Bc3 a4 61. Kd3 Kc5 62. Be1 d4 63. exd4+ Rxd4+ 64. Kc3 Rf4 65.
Kc2 Kc4 66. Kb1 Rf1 0-1

[Event "VIII Festival A"]
[Site "Trieste ITA"]
[Date "2006.09.03"]
[Round "3"]
[White "Brunello, Sabino"]
[Black "Fantini, Marco"]
[Result "1-0"]
[WhiteElo "2391"]
[BlackElo "2053"]
[PlyCount "49"]
[EventDate "2006.09.02"]

1. e4 e6 2. d4 d5 3. e5 c5 4. c3 Nc6 5. Nf3 Qb6 6. a3 Bd7 7. b4 cxd4 8. cxd4
Rc8 9. Bb2 Na5 10. Nbd2 Nc4 11. Nxc4 dxc4 12. Rc1 a5 13. Nd2 axb4 14. Nxc4 Qa7
15. axb4 Bxb4+ 16. Bc3 Be7 17. Ra1 Qb8 18. Ba5 Bc6 19. Qb3 b5 20. Nb6 Rd8 21.
Bxb5 Qb7 22. O-O Rxd4 23. Rfc1 Bxb5 24. Qxb5+ Kf8 25. Rc8+ 1-0

[Event "VIII Festival A"]
[Site "Trieste ITA"]
[Date "2006.09.03"]
[Round "3"]
[White "Burmakin, Vladimir"]
[Black "Mazi, Leon"]
[Result "1-0"]
[WhiteElo "2558"]
[BlackElo "2350"]
[PlyCount "99"]
[EventDate "2006.09.02"]

1. d4 d5 2. g3 Nf6 3. Bg2 e6 4. Nf3 c5 5. O-O Nc6 6. c4 dxc4 7. dxc5 Qxd1 8.
Rxd1 Bxc5 9. Nbd2 Ke7 10. Nxc4 Ng4 11. e3 f6 12. h3 Nh6 13. Nd4 Bxd4 14. exd4
Rd8 15. b3 Nf5 16. Ba3+ Kf7 17. d5 exd5 18. Rxd5 Be6 19. Rc5 Nfd4 20. Ne3 Rd7
21. Kf1 Rad8 22. Bb2 a6 23. g4 g5 24. Rd1 b6 25. Rcc1 Ne5 26. Bxd4 Rxd4 27.
Rc7+ R8d7 28. Rxd4 Rxc7 29. Be4 Ng6 30. Kg2 Ke7 31. Bf5 Nh4+ 32. Kg3 Nxf5+ 33.
gxf5 Bf7 34. Ng4 Rc3+ 35. f3 Rc6 36. Nh6 Be8 37. h4 Bh5 38. Rd3 a5 39. Re3+ Kf8
40. hxg5 fxg5 41. Ng4 Be8 42. Ne5 Rc2 43. f6 Rxa2 44. Kg4 Rd2 45. Kxg5 Bd7 46.
Rc3 Rd6 47. Rc7 h6+ 48. Kg6 Be6 49. Rb7 Ke8 50. Rb8+ 1-0

[Event "VIII Festival A"]
[Site "Trieste ITA"]
[Date "2006.09.03"]
[Round "3"]
[White "Castle, Kenneth D."]
[Black "Van der Plas, Robert"]
[Result "1/2-1/2"]
[WhiteElo "1967"]
[BlackElo "2198"]
[PlyCount "45"]
[EventDate "2006.09.02"]

1. e4 e6 2. d4 d5 3. Nd2 Nf6 4. e5 Nfd7 5. f4 c5 6. c3 Nc6 7. Ndf3 cxd4 8. cxd4
Qb6 9. g3 Bb4+ 10. Kf2 g5 11. fxg5 Ndxe5 12. Kg2 Nxf3 13. Nxf3 Bd7 14. Bf4 Bf8
15. Qd2 Bg7 16. Rd1 Rc8 17. Qf2 Ke7 18. Rd2 h6 19. gxh6 Bxh6 20. Ne5 Bxf4 21.
Qxf4 Nxe5 22. dxe5 Rcg8 23. Bd3 1/2-1/2

[Event "VIII Festival A"]
[Site "Trieste ITA"]
[Date "2006.09.03"]
[Round "3"]
[White "Dzhumaev, Marat"]
[Black "Korneev, Oleg"]
[Result "0-1"]
[WhiteElo "2509"]
[BlackElo "2638"]
[PlyCount "76"]
[EventDate "2006.09.02"]

1. e4 c5 2. Nf3 e6 3. d4 cxd4 4. Nxd4 Nf6 5. Nc3 d6 6. Bg5 Be7 7. Qd2 a6 8.
O-O-O b5 9. Bd3 Bb7 10. Rhe1 Nbd7 11. f4 b4 12. Na4 Qa5 13. b3 Nc5 14. a3 Rc8
15. axb4 Nxb3+ 16. Nxb3 Qxa4 17. Kb2 d5 18. c3 dxe4 19. Ra1 Qc6 20. Bf1 Qc7 21.
Na5 Bd5 22. Bxa6 Rb8 23. b5 O-O 24. c4 Ba8 25. Qc3 h6 26. Bh4 Qa7 27. Qb3 Rfd8
28. Rad1 Rd3 29. Rxd3 exd3 30. Rd1 Qd4+ 31. Ka2 d2 32. Qb2 Qb6 33. Nb3 Qc7 34.
Rxd2 Qxc4 35. Qd4 Bd5 36. Qxc4 Bxc4 37. Bf2 Nd5 38. Bc5 Bxc5 0-1

[Event "VIII Festival A"]
[Site "Trieste ITA"]
[Date "2006.09.03"]
[Round "3"]
[White "Grobovsek, Ivan"]
[Black "Veber, Bojan"]
[Result "0-1"]
[WhiteElo "1950"]
[BlackElo "2138"]
[PlyCount "100"]
[EventDate "2006.09.02"]

1. e4 d6 2. d4 Nf6 3. Nc3 g6 4. Nf3 Bg7 5. Be2 O-O 6. O-O Nc6 7. d5 Nb8 8. h3
c6 9. Be3 Qc7 10. Qd2 Rd8 11. a4 a5 12. Ra3 Na6 13. Bxa6 Rxa6 14. Rb3 e6 15.
Bg5 Re8 16. dxc6 bxc6 17. Rd1 d5 18. exd5 exd5 19. Bf4 Qd8 20. Rb8 Nd7 21. Rb3
Nb6 22. Bh6 Nc4 23. Qf4 Qf6 24. Re1 Be6 25. Bg5 Qxf4 26. Bxf4 Nxb2 27. Ng5 Nc4
28. Nxe6 fxe6 29. Ne2 e5 30. Bc1 Nb6 31. Ba3 e4 32. Bc5 Nxa4 33. Ba3 Rb6 34.
Rxb6 Nxb6 35. Rb1 Nc4 36. Bc5 a4 37. c3 a3 38. Ra1 Ra8 39. Ra2 Rb8 40. Nd4 Rb2
41. Rxa3 Nxa3 42. Bxa3 Rb1+ 43. Kh2 Rf1 44. Nxc6 Rxf2 45. Ne7+ Kf7 46. Nxd5
Be5+ 47. Kg1 Ra2 48. Bb4 Bg3 49. Kf1 Rf2+ 50. Ke1 Rf5+ 0-1

[Event "VIII Festival A"]
[Site "Trieste ITA"]
[Date "2006.09.03"]
[Round "3"]
[White "Heikkila, Antti"]
[Black "Fucak, Emilijo"]
[Result "1-0"]
[WhiteElo "2088"]
[BlackElo "2311"]
[PlyCount "81"]
[EventDate "2006.09.02"]

1. c4 e6 2. Nf3 d5 3. e3 Nf6 4. b3 c5 5. Bb2 Nc6 6. cxd5 exd5 7. Bb5 Bd7 8. O-O
Be7 9. d4 cxd4 10. Nxd4 O-O 11. Be2 Ne4 12. Nd2 Bf6 13. Nxe4 dxe4 14. Nxc6 Bxc6
15. Qxd8 Bxd8 16. Rfd1 Be7 17. Rac1 Rfd8 18. Rxd8+ Rxd8 19. Rd1 Rxd1+ 20. Bxd1
a5 21. Bc3 Bb4 22. Bxb4 axb4 23. f3 f5 24. f4 Bb5 25. Kf2 Bd3 26. Be2 Bb1 27.
Bc4+ Kf8 28. Ke2 Ke7 29. Kd2 Kd6 30. Kc1 Bd3 31. Bxd3 exd3 32. Kd2 h5 33. Kxd3
Kd5 34. g3 g6 35. h3 b6 36. e4+ fxe4+ 37. Ke3 h4 38. g4 b5 39. g5 Kd6 40. Kxe4
Ke6 41. f5+ 1-0

[Event "VIII Festival A"]
[Site "Trieste ITA"]
[Date "2006.09.03"]
[Round "3"]
[White "Keetbaas, Herman"]
[Black "Mocchi, Tullio"]
[Result "0-1"]
[WhiteElo "2061"]
[BlackElo "2243"]
[PlyCount "50"]
[EventDate "2006.09.02"]

1. e4 c6 2. d4 d5 3. Nc3 dxe4 4. Nxe4 Nd7 5. Ng5 e6 6. Bd3 Ngf6 7. N1f3 Bd6 8.
O-O O-O 9. Qe2 Qc7 10. Re1 c5 11. c3 b6 12. Ne5 cxd4 13. cxd4 Bb4 14. Bf4 Bxe1
15. Bxh7+ Nxh7 16. Nxh7 Nxe5 17. Bxe5 Qe7 18. Qg4 f6 19. Nxf8 Qxf8 20. Bg3 Bb4
21. Qe4 Bd7 22. a3 Be7 23. Rc1 Rc8 24. Bc7 Bd6 25. Qb7 Qd8 0-1

[Event "VIII Festival A"]
[Site "Trieste ITA"]
[Date "2006.09.03"]
[Round "3"]
[White "Koster, Willem S."]
[Black "Cadelli, Luciano"]
[Result "1-0"]
[WhiteElo "2202"]
[BlackElo "2088"]
[PlyCount "125"]
[EventDate "2006.09.02"]

1. e4 e5 2. Nf3 Nc6 3. d4 d5 4. exd5 Qxd5 5. dxe5 Qxd1+ 6. Kxd1 Bg4 7. Bf4
O-O-O+ 8. Kc1 Bc5 9. Bg3 Nge7 10. Bd3 Nf5 11. Bxf5+ Bxf5 12. a3 h6 13. Nc3 a6
14. b4 Ba7 15. Rb1 Nd4 16. Nxd4 Rxd4 17. f3 Rc4 18. Rb3 Rd8 19. Re1 Bd4 20. Ne4
Rd5 21. Rd3 Rb5 22. Red1 Bxe4 23. Rxd4 Rxd4 24. Rxd4 Bf5 25. c4 Rb6 26. Bf2 Rg6
27. g4 Bd7 28. h3 h5 29. Kd2 hxg4 30. hxg4 Rh6 31. Ke3 Rh1 32. Kf4 Ra1 33. Rd3
Rc1 34. c5 Bb5 35. Re3 a5 36. Kg5 Bd7 37. Be1 axb4 38. axb4 Rd1 39. f4 Rd5 40.
f5 Kd8 41. Bc3 Be8 42. Kf4 b6 43. cxb6 cxb6 44. g5 g6 45. fxg6 fxg6 46. e6 Ke7
47. Bf6+ Kd6 48. e7 Rf5+ 49. Kg4 Rb5 50. Re4 Rd5 51. Rc4 Kd7 52. Kf4 b5 53. Rc2
Rd1 54. Ke5 Re1+ 55. Kd5 Rd1+ 56. Kc5 Ke6 57. Kb6 Rd6+ 58. Ka5 Kf7 59. Rh2 Rc6
60. Rh7+ Ke6 61. Kxb5 Kd5 62. Rh8 Rc5+ 63. Kb6 1-0

[Event "VIII Festival A"]
[Site "Trieste ITA"]
[Date "2006.09.03"]
[Round "3"]
[White "Medancic, Rikard"]
[Black "Plani, Andrea"]
[Result "1-0"]
[WhiteElo "2265"]
[BlackElo "1896"]
[PlyCount "79"]
[EventDate "2006.09.02"]

1. d4 d5 2. Nf3 Nf6 3. Bg5 e6 4. e3 Be7 5. Nbd2 a6 6. Bd3 Nbd7 7. c3 c5 8. Ne5
h6 9. Bf4 Nxe5 10. dxe5 Nd7 11. Nf3 b5 12. O-O Bb7 13. Bg3 O-O 14. Qe2 Qb6 15.
Rad1 c4 16. Bb1 Rfd8 17. Nd4 a5 18. Qh5 Nc5 19. f4 Ne4 20. Bh4 Bxh4 21. Qxh4 f5
22. exf6 Nxf6 23. Rf3 Kf7 24. g4 Rh8 25. Qg3 Rae8 26. Rf2 b4 27. Nf3 Nd7 28.
Rdf1 Ke7 29. Nd4 Kd8 30. Bg6 Ref8 31. Bc2 Qd6 32. f5 Qxg3+ 33. hxg3 Nc5 34.
Nxe6+ Nxe6 35. fxe6 Re8 36. Rf7 Re7 37. Rxe7 Kxe7 38. Rf7+ Kxe6 39. Rxb7 bxc3
40. bxc3 1-0

[Event "VIII Festival A"]
[Site "Trieste ITA"]
[Date "2006.09.03"]
[Round "3"]
[White "Omerzel, Nikola"]
[Black "Bosiocic, Marko"]
[Result "0-1"]
[WhiteElo "1789"]
[BlackElo "2104"]
[PlyCount "42"]
[EventDate "2006.09.02"]

1. e4 e5 2. c4 g6 3. Nc3 Bg7 4. Nf3 Ne7 5. d4 exd4 6. Nxd4 Nbc6 7. Be3 O-O 8.
Qd2 d6 9. Be2 f5 10. Nxc6 Nxc6 11. O-O Qe8 12. Nd5 Qf7 13. f3 Ne5 14. Bg5 Be6
15. exf5 gxf5 16. Rac1 Rae8 17. Rfe1 c6 18. Nf4 Bxc4 19. Qxd6 Bxe2 20. Rxe2 Nc4
21. Rce1 Nxd6 0-1

[Event "VIII Festival A"]
[Site "Trieste ITA"]
[Date "2006.09.03"]
[Round "3"]
[White "Pavasovic, Dusko"]
[Black "Efimov, Igor"]
[Result "1/2-1/2"]
[WhiteElo "2564"]
[BlackElo "2439"]
[PlyCount "66"]
[EventDate "2006.09.02"]

1. e4 c6 2. d4 d5 3. exd5 cxd5 4. c4 Nf6 5. Nc3 e6 6. Nf3 Bb4 7. cxd5 Nxd5 8.
Bd2 Nc6 9. Bd3 Be7 10. O-O Bf6 11. Qe2 Nce7 12. Nxd5 Nxd5 13. Qe4 Bd7 14. Ne5
Bxe5 15. dxe5 Bc6 16. Qe2 Qh4 17. Rac1 Qd4 18. b3 Rd8 19. Bb5 O-O 20. Bxc6 bxc6
21. Bg5 Rd7 22. Rc4 Qb6 23. Qh5 Qb5 24. Qh4 Kh8 25. h3 Nb6 26. Re4 Qd3 27. Rc1
Nd5 28. Kh2 Rc7 29. Rcc4 c5 30. Bd8 Rd7 31. Bg5 Rc7 32. Bd8 Rd7 33. Bg5 Rc7
1/2-1/2

[Event "VIII Festival A"]
[Site "Trieste ITA"]
[Date "2006.09.03"]
[Round "3"]
[White "Pelosin, Matteo"]
[Black "Brunello, Roberta"]
[Result "0-1"]
[WhiteElo "1798"]
[BlackElo "1863"]
[PlyCount "98"]
[EventDate "2006.09.02"]

1. e4 e5 2. Nf3 Nc6 3. Bc4 Bc5 4. b4 Bxb4 5. c3 Be7 6. d4 Nf6 7. dxe5 Nxe4 8.
Qd5 O-O 9. Qxe4 d6 10. Bd3 g6 11. exd6 Bxd6 12. O-O Bf5 13. Qe3 Bxd3 14. Qh6 f6
15. Re1 Qd7 16. Nbd2 Rae8 17. Bb2 Qf7 18. Nb3 Bc4 19. Nbd4 Nxd4 20. Nxd4 Bxa2
21. Nb5 Bc5 22. Ba3 Bxa3 23. Nxa3 a6 24. Qd2 Bd5 25. Rxe8 Rxe8 26. Re1 Rxe1+
27. Qxe1 Qe6 28. Qd2 Qe4 29. f3 Qe5 30. Nc2 a5 31. Ne3 Bc6 32. Ng4 Qe7 33. c4
b6 34. Ne3 Kg7 35. Nd5 Qc5+ 36. Kh1 Bxd5 37. cxd5 a4 38. Qb2 Qxd5 39. h3 Qd1+
40. Kh2 Qd6+ 41. Kh1 a3 42. Qe2 b5 43. Qf2 b4 44. Qc2 c6 45. Qf2 g5 46. Qa7+
Kh6 47. h4 b3 48. hxg5+ fxg5 49. Qe3 b2 0-1

[Event "VIII Festival A"]
[Site "Trieste ITA"]
[Date "2006.09.03"]
[Round "3"]
[White "Rombaldoni, Axel"]
[Black "Bevilacqua, Andrea"]
[Result "0-1"]
[WhiteElo "2169"]
[BlackElo "2054"]
[PlyCount "152"]
[EventDate "2006.09.02"]

1. e4 e5 2. Nf3 Nf6 3. Nxe5 d6 4. Nf3 Nxe4 5. Nc3 Nxc3 6. dxc3 Be7 7. Be3 Nc6
8. Qd2 Be6 9. Nd4 Nxd4 10. cxd4 d5 11. Bd3 Qd7 12. f4 Bf5 13. O-O-O Bxd3 14.
Qxd3 f5 15. Rhe1 O-O-O 16. Re2 Bf6 17. Rde1 Rhe8 18. Bf2 Re4 19. Qa3 Kb8 20.
Rxe4 fxe4 21. h3 Qd6 22. Qe3 Qb6 23. c3 Qa6 24. Kb1 c5 25. Qd2 c4 26. g4 Be7
27. f5 Qf6 28. Rf1 Rf8 29. Be3 h6 30. Qe1 Qh4 31. Bf4+ Kc8 32. Qe3 Bg5 33. Bxg5
Qxg5 34. Qxg5 hxg5 35. Rh1 Rh8 36. a4 b6 37. b3 cxb3 38. Kb2 Kc7 39. Kxb3 Kc6
40. Kb4 a5+ 41. Kb3 b5 42. axb5+ Kxb5 43. c4+ dxc4+ 44. Kc3 a4 45. Rb1+ Kc6 46.
Kxc4 Rxh3 47. d5+ Kc7 48. Kc5 Rc3+ 49. Kd4 Rb3 50. Rc1+ Kd7 51. Rc4 a3 52. Kxe4
a2 53. Ra4 Rb4+ 54. Rxb4 a1=Q 55. Rb7+ Kd6 56. Rb6+ Kc7 57. Rg6 Qe1+ 58. Kd4
Qd2+ 59. Kc4 Qf4+ 60. Kc5 Qe5 61. Kc4 Kd7 62. Kc5 Qe3+ 63. Kb5 Qd4 64. d6 Qd5+
65. Kb4 Qxd6+ 66. Kc4 Qe5 67. Kd3 Qg3+ 68. Kd2 Qxg4 69. Rxg7+ Ke8 70. f6 Qf4+
71. Kd3 Qxf6 72. Ra7 g4 73. Ra2 g3 74. Ra8+ Kf7 75. Ra7+ Kg6 76. Ra2 Qf3+ 0-1

[Event "VIII Festival A"]
[Site "Trieste ITA"]
[Date "2006.09.03"]
[Round "3"]
[White "Rombaldoni, Denis"]
[Black "Capaliku, Aleks"]
[Result "1-0"]
[WhiteElo "2348"]
[BlackElo "2099"]
[PlyCount "103"]
[EventDate "2006.09.02"]

1. d4 f5 2. g3 e6 3. Bg2 Nf6 4. c4 Bb4+ 5. Bd2 Qe7 6. Nh3 O-O 7. O-O d5 8. Bg5
c6 9. c5 Ba5 10. b4 Bc7 11. Bxf6 Qxf6 12. f4 a5 13. b5 cxb5 14. e3 Bd7 15. a3
Na6 16. Nc3 b4 17. axb4 Nxb4 18. Nf2 b6 19. cxb6 Bxb6 20. g4 g6 21. gxf5 gxf5
22. Kh1 Rac8 23. Qd2 Kh8 24. Rfb1 Rc7 25. Nd3 Bxd4 26. exd4 Qxd4 27. Ne2 Qxd3
28. Qb2+ Kg8 29. Rxa5 Rc2 30. Qxb4 Qxe2 31. Rg1 Kf7 32. Ra7 Rd8 33. Qb6 Ke8 34.
Qd4 Ke7 35. Ra3 Rdc8 36. Re3 Qd2 37. Rd3 Qf2 38. Qg7+ Kd8 39. Qh8+ Ke7 40. Qg7+
Kd6 41. Qe5+ Ke7 42. Rh3 Be8 43. Rxh7+ Bf7 44. Bxd5 Qe2 45. Rxf7+ Kxf7 46.
Bxe6+ Ke8 47. Rg8+ Ke7 48. Rg7+ Ke8 49. Bf7+ Kf8 50. Rg8+ Kxf7 51. Rg7+ Kf8 52.
Qf6+ 1-0

[Event "VIII Festival A"]
[Site "Trieste ITA"]
[Date "2006.09.03"]
[Round "3"]
[White "Skok, Joze"]
[Black "Miele, Roberto"]
[Result "1-0"]
[WhiteElo "2110"]
[BlackElo "1870"]
[PlyCount "47"]
[EventDate "2006.09.02"]

1. e4 e5 2. Nf3 Nc6 3. Bb5 a6 4. Ba4 Nf6 5. d4 exd4 6. O-O Be7 7. e5 Nd5 8.
Nxd4 Nxd4 9. Qxd4 c6 10. Bb3 Nc7 11. Qg4 g6 12. Qf3 Ne6 13. Bh6 Bf8 14. Bxf8
Rxf8 15. Nc3 Nd4 16. Qf4 Ne6 17. Qe3 Qg5 18. f4 Qe7 19. Ne4 c5 20. Nd6+ Kd8 21.
Bxe6 dxe6 22. Qxc5 Rb8 23. Rad1 Bd7 24. Qb6# 1-0

[Event "VIII Festival A"]
[Site "Trieste ITA"]
[Date "2006.09.03"]
[Round "3"]
[White "Spaan, Nathanael"]
[Black "Ramesa, Davor"]
[Result "0-1"]
[WhiteElo "2185"]
[BlackElo "2249"]
[PlyCount "96"]
[EventDate "2006.09.02"]

1. e4 c5 2. Nf3 e6 3. d4 cxd4 4. Nxd4 a6 5. Bd3 Bc5 6. Nb3 Be7 7. O-O d6 8. Nc3
Nf6 9. f4 Nc6 10. Kh1 Qc7 11. Be3 b5 12. a4 b4 13. Ne2 O-O 14. Ng3 a5 15. Nd4
Nxd4 16. Bxd4 e5 17. Bg1 exf4 18. Rxf4 d5 19. Rf1 dxe4 20. Nxe4 Nxe4 21. Bxe4
Ra6 22. Qe2 Re6 23. Qf3 Rf6 24. Qe3 Rh6 25. Rad1 Ba6 26. Rf5 Bc8 27. Rfd5 Be6
28. Rb5 Bd6 29. h3 Bc4 30. Rb7 Qc8 31. Bh2 Bxh2 32. Kxh2 Re6 33. Qf4 Rf6 34.
Qh4 h6 35. Rdd7 Be6 36. Rdc7 Qd8 37. b3 Qd6+ 38. Qg3 Qd4 39. Bf3 Rg6 40. Qe1
Qf4+ 41. Kh1 Rd8 42. h4 Rg3 43. Qe2 Qxh4+ 44. Kg1 Rg5 45. Re7 Qd4+ 46. Kh2 Re5
47. Rxe6 Rxe2 48. Rxe2 Qh4+ 0-1

[Event "VIII Festival A"]
[Site "Trieste ITA"]
[Date "2006.09.03"]
[Round "3"]
[White "Varini, Massimo"]
[Black "Decleva, Gianni"]
[Result "1/2-1/2"]
[WhiteElo "2053"]
[BlackElo "1895"]
[PlyCount "37"]
[EventDate "2006.09.02"]

1. e4 e5 2. Nf3 Nf6 3. Nxe5 d6 4. Nf3 Nxe4 5. d4 d5 6. Bd3 Be7 7. O-O Bg4 8.
Re1 Nc6 9. c3 Nf6 10. Nbd2 O-O 11. Nf1 Re8 12. Ng3 Bd6 13. Rxe8+ Qxe8 14. h3
Bxf3 15. Qxf3 Qe1+ 16. Kh2 Ne4 17. Bxe4 Qxe4 18. Qg4 Qxg4 19. hxg4 1/2-1/2

[Event "VIII Festival A"]
[Site "Trieste ITA"]
[Date "2006.09.03"]
[Round "3"]
[White "Vitri, Sergio"]
[Black "Stantic, Severino"]
[Result "1-0"]
[WhiteElo "2105"]
[BlackElo "2051"]
[PlyCount "79"]
[EventDate "2006.09.02"]

1. d4 Nf6 2. Nf3 e6 3. Bg5 Be7 4. c4 b6 5. Nc3 Bb7 6. e3 d6 7. Bd3 Nbd7 8. O-O
O-O 9. Qc2 c5 10. Ne4 Bxe4 11. Bxe4 Nxe4 12. Bxe7 Qxe7 13. Qxe4 f5 14. Qb7 Rfb8
15. Qc7 Rc8 16. Qb7 Rab8 17. Qxa7 cxd4 18. Nxd4 Rxc4 19. Rac1 Rbc8 20. Rxc4
Rxc4 21. h3 g6 22. Rd1 Kf7 23. Qb7 d5 24. Nc6 Qd6 25. Ne5+ Qxe5 26. Qxd7+ Kg8
27. Qd8+ Kg7 28. Qxb6 Rc2 29. Rb1 Qe4 30. Qd4+ Qxd4 31. exd4 Rd2 32. a4 Rxd4
33. b4 Rc4 34. a5 d4 35. Kf1 d3 36. Ke1 Rc2 37. a6 Re2+ 38. Kd1 Rxf2 39. Rb3 e5
40. Rxd3 1-0

[Event "VIII Festival A"]
[Site "Trieste ITA"]
[Date "2006.09.04"]
[Round "4"]
[White "Bevilacqua, Andrea"]
[Black "Medancic, Rikard"]
[Result "1/2-1/2"]
[WhiteElo "2054"]
[BlackElo "2265"]
[PlyCount "45"]
[EventDate "2006.09.02"]

1. e4 e5 2. Nf3 Nc6 3. d4 exd4 4. Nxd4 Nge7 5. Nc3 Nxd4 6. Qxd4 Nc6 7. Qe3 Nb4
8. Qe2 Be7 9. Be3 O-O 10. a3 Nc6 11. O-O-O d6 12. f4 Qe8 13. Nd5 Bd8 14. Qf3
Ne7 15. Nxe7+ Qxe7 16. Bd3 Re8 17. Rhe1 Bd7 18. e5 Bc6 19. Qh3 Qh4 20. Qxh4
Bxh4 21. g3 Be7 22. exd6 Bxd6 23. Bd4 1/2-1/2

[Event "VIII Festival A"]
[Site "Trieste ITA"]
[Date "2006.09.04"]
[Round "4"]
[White "Bosiocic, Marko"]
[Black "Rombaldoni, Denis"]
[Result "0-1"]
[WhiteElo "2104"]
[BlackElo "2348"]
[PlyCount "76"]
[EventDate "2006.09.02"]

1. d4 Nf6 2. Nf3 e6 3. e3 b6 4. Bd3 Bb7 5. O-O Be7 6. c4 O-O 7. Nc3 d5 8. b3 c5
9. Bb2 cxd4 10. exd4 Nc6 11. cxd5 Nxd5 12. Nxd5 Qxd5 13. Re1 Rfd8 14. Be4 Qh5
15. Ne5 Qxd1 16. Raxd1 Rac8 17. f4 Nxe5 18. Bxb7 Rc2 19. Bc1 Rxc1 20. Rxc1 Nd3
21. Ba6 Nxe1 22. Rxe1 Rxd4 23. g3 Kf8 24. Kf2 Bc5 25. Ke2 h5 26. Rd1 Rxd1 27.
Kxd1 Bg1 28. h3 Bh2 29. Be2 Bxg3 30. f5 exf5 31. Bxh5 Ke7 32. Ke2 Kf6 33. Bf3
Kg5 34. Bd5 Kh4 35. Bxf7 Kxh3 36. Bg6 Kg4 37. Be8 g5 38. Ke3 Bh2 0-1

[Event "VIII Festival A"]
[Site "Trieste ITA"]
[Date "2006.09.04"]
[Round "4"]
[White "Brunello, Roberta"]
[Black "Spaan, Nathanael"]
[Result "1-0"]
[WhiteElo "1863"]
[BlackElo "2185"]
[PlyCount "75"]
[EventDate "2006.09.02"]

1. e4 c5 2. Nf3 d6 3. d4 cxd4 4. Nxd4 Nf6 5. Nc3 a6 6. Be3 e5 7. Nb3 Be7 8. f3
Be6 9. Qd2 O-O 10. O-O-O a5 11. Qe1 Qc7 12. Nb5 Qc6 13. Nxa5 Qc8 14. a3 Nbd7
15. Kb1 d5 16. exd5 Nxd5 17. Bd2 b6 18. Nc4 Qb8 19. Ne3 Nc7 20. Bb4 Nc5 21.
Nxc7 Qxc7 22. Nd5 Bxd5 23. Rxd5 Rfd8 24. Rxd8+ Rxd8 25. Be2 f5 26. Qc3 Kh8 27.
Rd1 Rxd1+ 28. Bxd1 Bf6 29. Qc4 h6 30. Be2 Qe7 31. Qd5 e4 32. Qxf5 Qd6 33. Bxc5
bxc5 34. Qxe4 Qb8 35. b3 Qd8 36. Bd3 Kg8 37. Bc4+ Kf8 38. Qd5 1-0